000 00400nam a2200169Ia 4500
001 5210
003 IN-NITTTR
005 20251114233007.0
008 251113s9999||||xx |||||||||||||| ||eng||
040 _beng
040 _cIN-NITTTR
041 _aeng
082 _a025.3 S23P
100 _aSharma, C. D.
245 0 _aPractical cataloging :
_b classified cataloue /
_cSharma, C. D.
942 _2ddc
_cBK
999 _c7846
_d7846